00890nam a2200157 a 450000100100000000500170001000800410002704000250006808200170009311000450011024501240015526000400027930000290031950000430034850003410039100002391120200930022550.0110117s1999 enka r 000 0 eng d aDO-SdBNPbspacBNPHU axxxxxbT727s1 aTourism Planning and Research Associates10aStudy on hygiene and sanitation, safety and related facility and service standards required by european tour operators. aLondres :bBritish Training,c1999. av. p. :bil. ;c29.5 cm. aIncluye notas al pie de las páginas. aEn la portada: This report was financed by the European Union within the framework of the Regional Tourism Product Development Project of the caribbean Regional Tourism Sector programme. The views expressed are those of the consultants and do not necessarily reflect those of the Caribbean tourism organisation or of the European Union.